| 000 | 00907nam a22002412 4500 | ||
|---|---|---|---|
| 001 | 0000013161 | ||
| 005 | 20151217145901.0 | ||
| 008 | 090614s xx 000 0 eng d | ||
| 020 | _a3540560394 : | ||
| 040 |
_aKABU _cKABU |
||
| 111 | 2 |
_aInternational Conference on Database Theory _cBerlin, Germany : _d1992, October 14-16 : _n4th. _@0000170290 |
|
| 245 | 1 | 0 |
_aDatabase theory : _bICDT '92 4th International Conference Berlin, Germany, October 14-16, 1992 proceedings / _cJ. Biskup, R. Hull (eds) |
| 250 | _a1st ed. | ||
| 260 |
_aBerlin : _bSpringer-Verlag, _c1992. |
||
| 300 | _aix, 449 p. | ||
| 650 | 0 |
_aDatabase (Computer science) _@0000154922 |
|
| 700 | 1 |
_aBiskup, J. _@0000170291 |
|
| 700 | 1 |
_aHull, R. _@0000170292 |
|
| 852 | 1 | _9p7670 KES | |
| 852 | 1 | _9p6499 KES | |
| 908 | _a090614 | ||
| 950 | _@1 | ||
| 999 |
_c3682 _d3682 |
||